Životné minimum od 1. júla 2018

Sumy životného minima sa upravujú vždy k 1. júlu bežného kalendárneho roka na základe koeficientu rastu čistých peňažných príjmov na osobu alebo koeficientu rastu životných nákladov nízkopríjmových domácností. Práve táto zmena sumy na jednu plnoletú osobu je základom pre výpočet iných ekonomických v...

Descripción completa

Guardado en:
Detalles Bibliográficos
Autor principal: Paliderová, Martina
Formato: Capítulo de libro
Lenguaje:eslovaco
Materias:
Etiquetas: Agregar Etiqueta
Sin Etiquetas, Sea el primero en etiquetar este registro!

MARC

LEADER 00000naa a2200000 4500
001 0247775
005 20180919110810.7
041 0 |a slo 
044 |a SK 
245 1 0 |a Životné minimum od 1. júla 2018  |c Martina Paliderová 
520 |a Sumy životného minima sa upravujú vždy k 1. júlu bežného kalendárneho roka na základe koeficientu rastu čistých peňažných príjmov na osobu alebo koeficientu rastu životných nákladov nízkopríjmových domácností. Práve táto zmena sumy na jednu plnoletú osobu je základom pre výpočet iných ekonomických veličín. Niektoré sa začnú uplatňovať od 1.júla 2018, niektoré od 1. septembra 2018 a niektoré nadobudnú platnosť až od 1. januára 2019. 
610 2 0 |a minimum existenčné 
610 2 0 |a zákony 
610 2 0 |a Slovensko 
610 2 0 |a novelizácia 
100 1 |a Paliderová, Martina